<?xml version="1.0" encoding="UTF-8"?>
<record
    xmlns:xsi="http://www.w3.org/2001/XMLSchema-instance"
    xsi:schemaLocation="http://www.loc.gov/MARC21/slim http://www.loc.gov/standards/marcxml/schema/MARC21slim.xsd"
    xmlns="http://www.loc.gov/MARC21/slim">

  <leader>01564nam a2200253 a 4500</leader>
  <controlfield tag="003">OSt</controlfield>
  <controlfield tag="005">20230215093944.0</controlfield>
  <controlfield tag="007">ta</controlfield>
  <controlfield tag="008">180327s2011    dr            000 0 spa d</controlfield>
  <datafield tag="040" ind1=" " ind2=" ">
    <subfield code="a">DO-SdBNP</subfield>
    <subfield code="b">spa</subfield>
    <subfield code="c">BNPHU</subfield>
  </datafield>
  <datafield tag="082" ind1=" " ind2="4">
    <subfield code="a">343.034</subfield>
    <subfield code="b">R426L, 2011</subfield>
    <subfield code="2">22</subfield>
  </datafield>
  <datafield tag="110" ind1="2" ind2=" ">
    <subfield code="a">Rep&#xFA;blica Dominicana</subfield>
    <subfield code="9">11088</subfield>
    <subfield code="b">Ministerio de Hacienda . </subfield>
    <subfield code="b">Direcci&#xF3;n General  de Presupuesto</subfield>
  </datafield>
  <datafield tag="240" ind1=" " ind2=" ">
    <subfield code="a"> [Leyes, etc.]</subfield>
  </datafield>
  <datafield tag="245" ind1="1" ind2="0">
    <subfield code="a">Ley de presupuesto general del Estado, 2011 </subfield>
    <subfield code="b"> </subfield>
  </datafield>
  <datafield tag="260" ind1=" " ind2=" ">
    <subfield code="a">Santo Domingo :</subfield>
    <subfield code="b">Ministerio de Hacienda,</subfield>
    <subfield code="c">2011</subfield>
  </datafield>
  <datafield tag="300" ind1=" " ind2=" ">
    <subfield code="a">2v. ;</subfield>
    <subfield code="c">28 cm.</subfield>
  </datafield>
  <datafield tag="505" ind1="0" ind2=" ">
    <subfield code="g">v.1.</subfield>
    <subfield code="a">v.1. Presupuesto del gobierno central --</subfield>
    <subfield code="t"> Informe explicativo presupuesto 2011 --</subfield>
    <subfield code="t"> Primera parte : Ley de presupuesto general del Estado 2011 --</subfield>
    <subfield code="t">Segunda parte : informe de los ingresos a&#xF1;o 2011 --</subfield>
    <subfield code="t">Informaci&#xF3;n de los gastos  2011 --</subfield>
    <subfield code="t">Transferencias a instituciones por fuente de financiamiento --</subfield>
    <subfield code="t">Etimaci&#xF3;n de los gastos tributarios -- </subfield>
    <subfield code="t">Matriz de gastos tributarios --</subfield>
    <subfield code="t">Tercera parte : Distribuci&#xF3;n institucional de los gastos apropiados --</subfield>
    <subfield code="t">Poder Judicial --</subfield>
    <subfield code="t">Organismo especiales  --</subfield>
    <subfield code="g"> v. 2 . </subfield>
    <subfield code="t"> Presupuesto de las instituciones descentralizadas y aut&#xF3;nomas no financieras y de las instituciones p&#xFA;blicas de la seguridad social.</subfield>
  </datafield>
  <datafield tag="590" ind1=" " ind2=" ">
    <subfield code="a">Inventariado, 2021 /VM</subfield>
  </datafield>
  <datafield tag="650" ind1=" " ind2="4">
    <subfield code="a">Presupuesto</subfield>
    <subfield code="x">Legislaci&#xF3;n </subfield>
    <subfield code="z">Rep&#xFA;blica Dominicana</subfield>
    <subfield code="9">7940</subfield>
    <subfield code="2"> </subfield>
    <subfield code="y">2011</subfield>
  </datafield>
  <datafield tag="650" ind1=" " ind2="4">
    <subfield code="a">Gastos p&#xFA;blicos</subfield>
    <subfield code="x">Legislaci&#xF3;n</subfield>
    <subfield code="z">Rep&#xFA;blica Dominicana</subfield>
    <subfield code="9">77701</subfield>
  </datafield>
  <datafield tag="650" ind1=" " ind2="4">
    <subfield code="a">Hacienda p&#xFA;blica </subfield>
    <subfield code="x">Legislaci&#xF3;n</subfield>
    <subfield code="z">Rep&#xFA;blica Dominicana</subfield>
    <subfield code="9">6562</subfield>
  </datafield>
  <datafield tag="910" ind1=" " ind2=" ">
    <subfield code="a">VMateo /Validado. Control de calidad MFF</subfield>
  </datafield>
  <datafield tag="942" ind1=" " ind2=" ">
    <subfield code="2">ddc</subfield>
    <subfield code="c">LBS1</subfield>
  </datafield>
  <datafield tag="952" ind1=" " ind2=" ">
    <subfield code="0">0</subfield>
    <subfield code="1">0</subfield>
    <subfield code="2">ddc</subfield>
    <subfield code="5">1</subfield>
    <subfield code="7">2</subfield>
    <subfield code="8">PD</subfield>
    <subfield code="a">BNPHU</subfield>
    <subfield code="b">PD</subfield>
    <subfield code="c">HD</subfield>
    <subfield code="d">2021-01-11</subfield>
    <subfield code="e">DIGEPRES</subfield>
    <subfield code="l">0</subfield>
    <subfield code="o">BNPHU PD 343.034 R426L 2011</subfield>
    <subfield code="p">2021-0038</subfield>
    <subfield code="r">2021-01-11</subfield>
    <subfield code="t">v. 2</subfield>
    <subfield code="w">2021-01-11</subfield>
    <subfield code="y">LFPD</subfield>
  </datafield>
  <datafield tag="952" ind1=" " ind2=" ">
    <subfield code="0">0</subfield>
    <subfield code="1">0</subfield>
    <subfield code="2">ddc</subfield>
    <subfield code="5">1</subfield>
    <subfield code="7">2</subfield>
    <subfield code="8">PD</subfield>
    <subfield code="a">BNPHU</subfield>
    <subfield code="b">PD</subfield>
    <subfield code="c">HD</subfield>
    <subfield code="d">2021-01-11</subfield>
    <subfield code="e">DIGEPRES</subfield>
    <subfield code="l">0</subfield>
    <subfield code="o">BNPHU PD 343.034 R426L 2011</subfield>
    <subfield code="p">2021-0039</subfield>
    <subfield code="r">2021-01-11</subfield>
    <subfield code="t">v.1, e.2</subfield>
    <subfield code="w">2021-01-11</subfield>
    <subfield code="y">LFPD</subfield>
  </datafield>
  <datafield tag="952" ind1=" " ind2=" ">
    <subfield code="0">0</subfield>
    <subfield code="1">0</subfield>
    <subfield code="2">ddc</subfield>
    <subfield code="5">6</subfield>
    <subfield code="7">0</subfield>
    <subfield code="8">DS</subfield>
    <subfield code="a">BNPHU</subfield>
    <subfield code="b">PD</subfield>
    <subfield code="c">HD</subfield>
    <subfield code="d">2021-01-11</subfield>
    <subfield code="e">DIGEPRES</subfield>
    <subfield code="l">0</subfield>
    <subfield code="o">BNPHU DS 343.034 R426L 2011</subfield>
    <subfield code="p">2021-0040</subfield>
    <subfield code="r">2021-01-11</subfield>
    <subfield code="t">v.1, e.3</subfield>
    <subfield code="w">2021-01-11</subfield>
    <subfield code="y">LFDS</subfield>
  </datafield>
  <datafield tag="952" ind1=" " ind2=" ">
    <subfield code="0">0</subfield>
    <subfield code="1">0</subfield>
    <subfield code="2">ddc</subfield>
    <subfield code="5">1</subfield>
    <subfield code="7">0</subfield>
    <subfield code="8">PD</subfield>
    <subfield code="a">BNPHU</subfield>
    <subfield code="b">BNPHU</subfield>
    <subfield code="c">HD</subfield>
    <subfield code="d">2021-01-11</subfield>
    <subfield code="e">DIGEPRES</subfield>
    <subfield code="o">BNPHU PD 343.034 R426L 2011</subfield>
    <subfield code="p">2021-0041</subfield>
    <subfield code="r">2021-01-11</subfield>
    <subfield code="t">v.1</subfield>
    <subfield code="w">2021-01-11</subfield>
    <subfield code="y">LBS1</subfield>
  </datafield>
  <datafield tag="952" ind1=" " ind2=" ">
    <subfield code="0">0</subfield>
    <subfield code="1">0</subfield>
    <subfield code="2">ddc</subfield>
    <subfield code="5">1</subfield>
    <subfield code="7">2</subfield>
    <subfield code="8">PD</subfield>
    <subfield code="a">BNPHU</subfield>
    <subfield code="b">PD</subfield>
    <subfield code="c">HD</subfield>
    <subfield code="d">2021-01-11</subfield>
    <subfield code="e">DIGEPRES</subfield>
    <subfield code="l">0</subfield>
    <subfield code="o">BNPHU PD 343.034 R426L 2011</subfield>
    <subfield code="p">2021-0042</subfield>
    <subfield code="r">2021-01-11</subfield>
    <subfield code="t">v.2, e.2</subfield>
    <subfield code="w">2021-01-11</subfield>
    <subfield code="y">LFPD</subfield>
  </datafield>
  <datafield tag="952" ind1=" " ind2=" ">
    <subfield code="0">0</subfield>
    <subfield code="1">0</subfield>
    <subfield code="2">ddc</subfield>
    <subfield code="5">6</subfield>
    <subfield code="7">0</subfield>
    <subfield code="8">DS</subfield>
    <subfield code="a">BNPHU</subfield>
    <subfield code="b">GR</subfield>
    <subfield code="c">HD</subfield>
    <subfield code="d">2021-01-11</subfield>
    <subfield code="e">DIGEPRES</subfield>
    <subfield code="l">0</subfield>
    <subfield code="o">BNPHU DS 343.034 R426L 2011</subfield>
    <subfield code="p">2021-0043</subfield>
    <subfield code="r">2021-01-11</subfield>
    <subfield code="t">v.2, e.3</subfield>
    <subfield code="w">2021-01-11</subfield>
    <subfield code="y">LFDS</subfield>
  </datafield>
  <datafield tag="999" ind1=" " ind2=" ">
    <subfield code="c">49305</subfield>
    <subfield code="d">49305</subfield>
  </datafield>
</record>
